000 00673nam a2200265Ia 4500
005 20260121173633.0
008 008 260114s9999 xx 000 0 eng d
020 _a9789400741652
037 _aEBOOK
040 _aCRL
040 _beng
040 _cCRL
041 _2eng
041 _aeng
084 _qCRL
100 _aCarolyn A. Brown
_91103340
245 0 _aGlobalization International Education Policy and Local Policy Formation
260 _bSpringer
260 _bSpringer
260 _c2015
856 _uhttps://link.springer.com/openurl?genre=book&isbn=978-94-007-4165-2
942 _cEBOOK
999 _c1669085
_d1669085